All Qantas Destinations (2025) - Statistics

General Stats
  • This quiz has been taken 421 times
    186 since last reset
  • The average score is 52 of 101
Answer Stats
Country Destination % Correct
New Zealand Auckland
98%
Hong Kong Hong Kong
98%
United Kingdom London (LHR)
98%
India New Delhi
98%
Italy Rome
98%
Singapore Singapore
98%
Japan Tokyo (HND)
98%
Japan Tokyo (NRT)
98%
Australia Sydney
97%
Thailand Bangkok
96%
South Africa Johannesburg
96%
United States Los Angeles
96%
Canada Vancouver
96%
New Zealand Wellington
96%
Australia Melbourne
95%
United States New York
95%
South Korea Seoul
95%
France Paris (CDG)
94%
Australia Perth
94%
Indonesia Jakarta
93%
United States San Francisco
93%
Chile Santiago de Chile
93%
Philippines Manila
92%
New Zealand Christchurch
91%
Australia Adelaide
90%
Australia Brisbane
89%
United States Dallas
89%
Australia Darwin
86%
Indonesia Denpasar
86%
Australia Canberra
85%
Papua New Guinea Port Moresby
84%
Australia Gold Coast
81%
Australia Hobart
78%
Australia Alice Springs
74%
India Bangalore
74%
Australia Cairns
74%
East Timor Dili
73%
United States Honolulu
66%
Samoa Apia
65%
New Zealand Queenstown
64%
Fiji Nadi
63%
New Caledonia (France) Noumea
63%
Australia Sunshine Coast
61%
Australia Newcastle
57%
Vanuatu Port Vila
57%
Tonga Nukualofa
56%
Solomon Islands Honiara
55%
Australia Townsville
53%
Australia Broome
46%
Australia Launceston
46%
Australia Rockhampton
39%
Australia Wagga Wagga
39%
Australia Albury
35%
Australia Mackay
35%
Australia Toowoomba
32%
Australia Bendigo
31%
Australia Norfolk Island
30%
Australia Broken Hill
29%
Australia Kalgoorlie
29%
Palau Koror
29%
Australia Mildura
29%
Australia Orange
29%
Australia Port Macquarie
29%
Australia Coffs Harbour
28%
Australia Devonport
28%
Australia Dubbo
28%
Australia Mount Isa
28%
Australia Hamilton Island
27%
Australia Bundaberg
26%
Australia Port Hedland
26%
Australia Tamworth
25%
Australia Longreach
24%
Australia Ballina
22%
Australia Lord Howe Island
22%
Australia Port Lincoln
22%
Australia Armidale
21%
Australia Exmouth
20%
Australia Geraldton
20%
Australia Karratha / Dampier
19%
Australia Burnie
18%
Australia Emerald
18%
Australia Gladstone
18%
Australia Hervey Bay
18%
Australia Mount Gambier
15%
Australia Cloncurry
13%
Australia Griffith
13%
Australia Newman
13%
Australia Whyalla
13%
Australia Yulara
13%
Australia Weipa
12%
Australia Merimbula
11%
Australia Moree
11%
Australia Horn Island
10%
Australia Paraburdoo
10%
Australia Proserpine
10%
Australia Blackall
9%
Australia Moranbah
9%
Australia Kingscote
8%
Australia Barcaldine
7%
Australia Onslow
5%
Australia Miles
4%
No matching quizzes found
Score Distribution
Percent of People with Each Score
Percentile by Number Answered
Your Score History
You have not taken this quiz since the last reset